Psicoterapia del grupo : (Record no. 205372)

MARC details
000 -CABECERA
campo de control de longitud fija 00795nam a2200241 u 4500
005 - FECHA Y HORA DE LA ÚLTIMA TRANSACCIÓN
campo de control 20230331125515.0
008 - ELEMENTOS DE LONGITUD FIJA--INFORMACIÓN GENERAL
campo de control de longitud fija 191011s1977 ag r 000 0 spa d
035 ## - NÚMERO DE CONTROL DEL SISTEMA
Número de control de sistema UPN01000233277
040 ## - FUENTE DE LA CATALOGACIÓN
Centro catalogador/agencia de origen UPN
Lengua de catalogación spa
Centro/agencia transcriptor UPN
050 #4 - SIGNATURA TOPOGRÁFICA DE LA BIBLIOTECA DEL CONGRESO
Número de clasificación RC488
Número de documento/Ítem G7.5 1977
100 1# - ASIENTO PRINCIPAL--NOMBRE PERSONAL
Nombre de persona Grinberg, León
9 (RLIN) 44222
245 10 - MENCIÓN DE TÍTULO
Título Psicoterapia del grupo :
Resto del título su enfoque psicoanalítico /
Mención de responsabilidad, etc. León Grinberg, Marie Langer y Emilio Rodrigué.
250 ## - MENCIÓN DE EDICIÓN
Mención de edición 5a ed.
260 ## - PUBLICACIÓN, DISTRIBUCIÓN, ETC.
Lugar de publicación, distribución, etc. Buenos Aires, Argentina :
Nombre del editor, distribuidor, etc. Paidos,
Fecha de publicación, distribución, etc. 1977.
300 ## - DESCRIPCIÓN FÍSICA
Extensión 243 p.
490 ## - MENCIÓN DE SERIE
Mención de serie Biblioteca de psiquiatría, psicopatología y psicosomática.
650 #2 - ASIENTO SECUNDARIO DE MATERIA - TERMINO TEMATICO
Término de materia o nombre geográfico como elemento de entrada Psicoterapia de grupo
9 (RLIN) 6709
700 1# - ASIENTO SECUNDARIO--NOMBRE DE PERSONAL
Nombre de persona Langer, Marie,
Fechas asociadas al nombre 1910-1987
9 (RLIN) 43994
700 1# - ASIENTO SECUNDARIO--NOMBRE DE PERSONAL
Nombre de persona Rodrigué, Emilio,
Fechas asociadas al nombre 1923-
9 (RLIN) 43995
905 ## - TIPO DE MATERIAL
Tipo de material Libro
942 ## - ELEMENTOS DE PUNTO DE ACCESO ADICIONAL (KOHA)
Fuente del sistema de clasificación o colocación Library of Congress Classification
Tipo de ítem Koha Libro
Holdings
Estado de retiro Estado de pérdida Fuente del sistema de clasificación o colocación Estado dañado No para préstamo Código de colección Localización permanente Ubicación/localización actual Ubicación en estantería Fecha de adquisición Clasificación Código de barras Fecha visto por última vez Número de copia Tipo de ítem Koha
    Library of Congress Classification     Colección General Bib. Gregorio Torres Quintero Bib. Gregorio Torres Quintero Planta baja 14/03/2022 RC488 G7.5 1977 333144 31/12/2020 1 Libro